[Event "Gijon rapid op 18th"]
[Site "Gijon"]
[Date "2018.07.22"]
[Round "1"]
[White "Franco Ocampos, Zenon"]
[Black "Boo Vallejo, Marcos"]
[Result "1-0"]
[WhiteElo "2486"]
[BlackElo "1891"]
[PlyCount "49"]
[EventDate "2018.07.22"]
[EventType "swiss (rapid)"]
[EventRounds "9"]
[EventCountry "ESP"]
[SourceTitle "CBM 185 Extra"]
[Source "ChessBase"]
[SourceDate "2018.07.29"]
[SourceVersion "1"]
[SourceVersionDate "2018.07.29"]
[SourceQuality "1"]

1. c4 e6 2. Nf3 Nf6 3. d4 d5 4. e3 Be7 5. b3 0-0 6. Bd3 Nbd7 7. 0-0 c5 8. Bb2 b6 9. Nc3 Bb7 10. Qe2 Rc8 11. Rad1 Qc7 12. Ne5 dxc4 13. bxc4 cxd4 14. exd4 Ba6 15. f4 Qd6 16. Kh1 Bb7 17. f5 Rfd8 18. Nb5 Qb8 19. Nxf7 Kxf7 20. fxe6+ Kf8 21. exd7 Rxd7 22. d5 a6 23. Be5 Qa8 24. Nd4 b5 25. Bf5 1-0

[Event "Gallego-ch U18"]
[Site "Viveiro"]
[Date "2016.02.09"]
[Round "8"]
[White "Boo Vallejo, Marcos"]
[Black "Santiago Garcia, Victor"]
[Result "1-0"]
[WhiteElo "1940"]
[BlackElo "1568"]
[PlyCount "45"]
[EventDate "2016.02.06"]
[EventType "swiss"]
[EventRounds "8"]
[EventCountry "ESP"]
[SourceTitle "EXT 2024"]
[Source "ChessBase"]
[SourceDate "2023.10.10"]
[SourceVersion "1"]
[SourceVersionDate "2023.10.10"]
[SourceQuality "1"]

1. e4 d5 2. exd5 Qxd5 3. Nc3 Qa5 4. d4 Nf6 5. Bd2 c6 6. Bc4 Qc7 7. Nge2 Bf5 8. Bf4 Qb6 9. Bb3 e6 10. a3 Nbd7 11. g4 Be4 12. Nxe4 Nxe4 13. f3 Nef6 14. Qd2 Be7 15. 0-0-0 0-0-0 16. Qe3 Nd5 17. Bxd5 cxd5 18. Rd3 Bd6 19. Rb3 Qa6 20. Nc3 h6 21. Nb5 Bxf4 22. Qxf4 Nf6 23. Qc7# 1-0